Economic development in South Asia: (Record no. 22115)

MARC details
000 -LEADER
fixed length control field 01228cam a2200325 4500
001 - CONTROL NUMBER
control field 4098873
003 - CONTROL NUMBER IDENTIFIER
control field BDDh-ASL
005 - DATE AND TIME OF LATEST TRANSACTION
control field 20231015030104.0
008 - FIXED-LENGTH DATA ELEMENTS--GENERAL INFORMATION
fixed length control field 710218s1970 enka b 101 0 eng
010 ## - LIBRARY OF CONGRESS CONTROL NUMBER
LC control number 74120053
015 ## - NATIONAL BIBLIOGRAPHY NUMBER
National bibliography number B71-00924
020 ## - INTERNATIONAL STANDARD BOOK NUMBER
International Standard Book Number 0333115406
040 ## - CATALOGING SOURCE
Original cataloging agency DLC
Transcribing agency DLC
Modifying agency DLC
-- BDDh-ASL
043 ## - GEOGRAPHIC AREA CODE
Geographic area code a-ii---
-- a-ce---
-- a-pk---
050 00 - LIBRARY OF CONGRESS CALL NUMBER
Classification number HC435.2
Item number .E27
082 00 - DEWEY DECIMAL CLASSIFICATION NUMBER
Classification number 330.5
Item number ECO
245 00 - TITLE STATEMENT
Title Economic development in South Asia:
Remainder of title proceedings of a conference held by the International Economic Association at Kandy, Ceylon [during June, 1969] /
Statement of responsibility, etc. edited by E. A. G. Robinson and Michael Kidron.
260 ## - PUBLICATION, DISTRIBUTION, ETC.
Place of publication, distribution, etc. London:
Name of publisher, distributor, etc. Macmillan:
Place of publication, distribution, etc. New York:
Name of publisher, distributor, etc. St. Martin's P.,
Date of publication, distribution, etc. 1970.
300 ## - PHYSICAL DESCRIPTION
Extent xxii, 585 p.
Other physical details illus.
Dimensions 23 cm.
350 ## - PRICE (NR) (BK AM CF MU VM SE) [OBSOLETE]
Price £6.00
504 ## - BIBLIOGRAPHY, ETC. NOTE
Bibliography, etc. note Includes bibliographical references.
651 #0 - SUBJECT ADDED ENTRY--GEOGRAPHIC NAME
Geographic name India
General subdivision Economic conditions
Chronological subdivision 1947-
General subdivision Congresses.
651 #0 - SUBJECT ADDED ENTRY--GEOGRAPHIC NAME
Geographic name Pakistan
General subdivision Economic conditions
-- Congresses.
651 #0 - SUBJECT ADDED ENTRY--GEOGRAPHIC NAME
Geographic name Sri Lanka
General subdivision Economic conditions
-- Congresses.
700 1# - ADDED ENTRY--PERSONAL NAME
Personal name Robinson, E. A. G.
Fuller form of name (Edward Austin Gossage),
Relator term ed.
700 1# - ADDED ENTRY--PERSONAL NAME
Personal name Kidron, Michael,
Relator term ed.
710 2# - ADDED ENTRY--CORPORATE NAME
Corporate name or jurisdiction name as entry element International Economic Association.
906 ## - LOCAL DATA ELEMENT F, LDF (RLIN)
a 7
b cbc
c orignew
d 3
e ncip
f 19
g y-gencatlg
942 ## - ADDED ENTRY ELEMENTS (KOHA)
Source of classification or shelving scheme Dewey Decimal Classification
Koha item type Books
Holdings
Withdrawn status Lost status Source of classification or shelving scheme Damaged status Not for loan Collection code Home library Current library Shelving location Date acquired Source of acquisition Total Checkouts Full call number Barcode Date last seen Copy number Price effective from Koha item type
    Dewey Decimal Classification     Non-fiction Asiatic Society Library Asiatic Society Library General Stacks 02/21/2021 Donated by Prof. A. F. A. Husain   330.5 ECO 106248 02/21/2021 C-1 02/21/2021 Books

Powered by Koha